[Event "DEN-ch Blitz"]
[Site "Snekkersten"]
[Date "2024.09.01"]
[Round "6"]
[White "Kushyk, Denys"]
[Black "Pedersen, Daniel Vesterbaek"]
[Result "0-1"]
[WhiteElo "1924"]
[BlackElo "2192"]
[PlyCount "62"]
[EventDate "2024.09.01"]
[EventType "swiss (blitz)"]
[EventRounds "13"]
[EventCountry "DEN"]
[SourceTitle "CB36_2024"]
[SourceDate "2024.09.04"]
[SourceVersion "1"]
[SourceVersionDate "2024.09.04"]
[SourceQuality "1"]

1. e4 c5 2. Nf3 d6 3. d4 cxd4 4. Nxd4 Nf6 5. Nc3 a6 6. Be2 e5 7. Nb3 Be7 8. 0-0 0-0 9. Kh1 b5 10. Bf3 Bb7 11. Re1 h6 12. Qd3 b4 13. Ne2 a5 14. Be3 d5 15. exd5 Bxd5 16. Bxd5 Qxd5 17. Rad1 Rd8 18. Qxd5 Rxd5 19. c3 Nbd7 20. Rxd5 Nxd5 21. Rd1 N7f6 22. c4 Nxe3 23. fxe3 Ng4 24. Kg1 Nxe3 25. Rc1 a4 26. Nd2 Rd8 27. Ne4 f5 28. N4g3 Bc5 29. Kh1 Rd2 30. b3 a3 31. Rc2 Rxc2 0-1